Gestión de recursos humanos por competencias /

Contiene: Estructura organizacional y gestión de recursos humanos; La gestión de recursos humanos; La gestión de recursos humanos por competencias; La planificación de recursos humanos; La evaluación del rendimiento y del potencial; Reclutamiento y selección del personal; El desarrollo de competenci...

Descripció completa

Guardat en:
Dades bibliogràfiques
Autor principal: Pereda Marín, Santiago (autor)
Altres autors: Berrocal Berrocal, Francisca (autor) (autor)
Format: Llibre
Idioma:espanyol
Publicat: Madrid, España : Centro de Estudios Ramón Areces, 2004, c2004
Col·lecció:(Psicología del Centro de Estudios Ramón Areces)
Matèries:
Etiquetes: Afegir etiqueta
Sense etiquetes, Sigues el primer a etiquetar aquest registre!

MARC

LEADER 00000nam^a2200000^a^4500
001 000180514
005 20250521000000.0
009 20260310101902.283
020 |a 84-8004-396-2 
037 |a Acervo ITESO - Biblioteca 
041 |a ESP 
082 |a 658. 3  |b PER 
100 |a Pereda Marín, Santiago  |e (autor) 
245 1 0 |a Gestión de recursos humanos por competencias /  |c S. Pereda Martín, F. Berrocal Berrocal. 
264 4 |a Madrid, España :  |b Centro de Estudios Ramón Areces,  |c 2004, c2004 
300 |a 276 p. 
336 |a texto  |b txt  |2 rdacontenido 
337 |a sin mediación  |b n  |2 rdamedio 
338 |a volumen  |b nc  |2 rdasoporte 
440 1 |a (Psicología del Centro de Estudios Ramón Areces) 
520 |a Contiene: Estructura organizacional y gestión de recursos humanos; La gestión de recursos humanos; La gestión de recursos humanos por competencias; La planificación de recursos humanos; La evaluación del rendimiento y del potencial; Reclutamiento y selección del personal; El desarrollo de competencias; Los planes salariales; Conclusiones. 
649 |a XX 
650 |a Conocimiento -  |x Administración 
650 |a Competencia Cognoscitiva 
650 |a Selección y Contratación de Personal 
650 |a Formación y Capacitación Laboral 
650 |a Evaluación del Desempeño 
650 |a Administración de Sueldos y Salarios 
650 |a Recursos Humanos -  |x Planeación 
650 |a Recursos Humanos -  |x Dirección 
650 |a Ciencias Administrativas 
700 |a Berrocal Berrocal, Francisca  |e (autor) 
910 |a Fondo General 
920 |a Impresos - Libros 
930 |a Colección General 
905 |a 101 
901 |a 0500097335  |b IT1  |c ACC  |u 20250521 
902 |a https://opac.biblio.iteso.mx/vufind/Record/000180514